00510 a2200145 4500003000400000005001700004008004100021020001800062040000900080082001900089100002300108245019700131260002700328300000900355OSt20231109104903.0231109b |||||||| |||| 00| 0 eng d a9789392455230 coclc a954.904bRAZ/W aRaza Khan, Mohamad aWhat Price Freedom : a historical survey of the significant political upheavals, which led to the birth of India and Pakistan and the turbulent two decades post-partition /cMOHAMED RAZA KHAN aKerala:bGrace,c2023. a558p